Digitalizácia vybraných procesov vo finančnej inštitúcií diplomová práca

Guardado en:
Detalles Bibliográficos
Autor principal: Bednarčíková, Diana, 1996-
Autor Corporativo: Fakulta podnikového manažmentu EU. Katedra informačného manažmentu
Otros Autores: Romanová, Anita, 1973-
Formato: Libro
Lenguaje:eslovaco
Publicado: Bratislava 2020
Etiquetas: Agregar Etiqueta
Sin Etiquetas, Sea el primero en etiquetar este registro!

MARC

LEADER 00000nbm a2200000 4500
001 0265955
005 20201126105716.1
041 0 |a slo 
044 |a SK 
245 1 0 |a Digitalizácia vybraných procesov vo finančnej inštitúcií  |b diplomová práca  |c Diana Bednarčíková ; školiteľ: Anita Romanová 
264 1 |a Bratislava  |c 2020 
300 |a 104 s. 
100 1 |a Bednarčíková, Diana, 1996- 
700 1 |a Romanová, Anita, 1973- 
710 2 |a Fakulta podnikového manažmentu EU. Katedra informačného manažmentu